| 000 | 00394nam a22001577a 4500 | ||
|---|---|---|---|
| 020 | _a978-81-7381-775 | ||
| 082 |
_a823 _bSCO/I |
||
| 100 | _aSCOTT, WALTER | ||
| 245 |
_aIVANHOE _bADAPTED BY TERRY O'BRIEN |
||
| 246 |
_aIVANHOE _bADAPTED BY TERRY O'BRIEN |
||
| 260 |
_aKOLKATA _bNEW CENTRAL BOOK AGENCY (p) LTD |
||
| 300 | _a137 | ||
| 520 | _aSHORT STORY | ||
| 650 | _aSHORT STORY | ||
| 942 | _cBK | ||
| 999 |
_c2975 _d2975 |
||